| LEADER 00000nam 2200000uu 4500 |
| 001 13399112727 |
| 003 BCNR |
| 008 110624s2554||||th 000 0 tha d |
| 060 04 WA540.JT3^bก398ร 2554
|
| 100 0 กัลยา ตีระวัฒนานนท์
|
| 245 10 รายงานวิจัยการศึกษาความเป็นไปได้ในการพัฒนารูปแบบองค์กรของโครงการประเมินเทคโนโลยีและนโยบายด้านสุขภาพ =^bA feasibiligy study on alternative organizational models forthe health intervention and technology assessment program /^cคณะผู้วิจัย : กัลยา ตีระวัฒนานนท์, คัคนางค์ โตสงวน
|
| 246 30 การศึกษาความเป็นไปได้ในการพัฒนารูปแบบองค์กรของโครงการประเมินเทคโนโลยีและนโยบายด้านสุขภาพ
|
| 246 31 A feasibiligy study on alternative organizational modelsfor the health intervention and technology assessment program
|
| 246 31 Feasibiligy study on alternative organizational models forthe health intervention and technology assessment program
|
| 250 พิมพ์ครั้งที่ 1
|
| 260 นนทบุรี :^bโครงการประเมินเทคโนโลยีและนโยบายด้านสุขภาพ,^c2554
|
| 300 iv, 38 หน้า :^bภาพประกอบ ;^c24 ซม.
|
| 504 บรรณานุกรม : หน้า 27
|
| 536 สนับสนุนโดย สำนักงานกองทุนสนับสนุนการสร้างเสริมสุขภาพ และสำนักนโยบายและยุทธศาสตร์ กระทรวงสาธารณสุข
|
| 610 27 โครงการประเมินเทคโนโลยีและนโยบายด้านสุขภาพ
|
| 650 7 นโยบายด้านสุขภาพ
|
| 700 0 คัคนางค์ โตสงวน
|
| 710 2 โครงการประเมินเทคโนโลยีและนโยบายด้านสุขภาพ
|
| 710 2 สำนักงานกองทุนสนับสนุนการสร้างเสริมสุขภาพ
|
| 710 2 กระทรวงสาธารณสุข. ^bสำนักนโยบายและยุทธศาสตร์
|
| 999 ^aบรรณารักษ์
|